000
00230nam a2200097Ia 4500
001
1207735
005
20250827022832.0
008
250824s9999 xx 000 0 und d
245
0
_a
KUYTU
_c
MURAT TAVLI
260
_b
DESTEK YAYINLARI
999
_c
1207735
_d
1207735